000 00589nam a22002057a 4500
003 OSt
005 20140310181831.0
008 130706t xxu||||| |||| 00| 0 eng d
020 _a1842362879
050 _aQP 37
_b.P238 2004
082 _aREF 503
_bP238u 2004
245 _aGroiler science library
_bhuman body /
_cSteve Parker
260 _aChina ;
_bEssex, CM : Miles Kelly,
_cc2004.
500 _aIncludes index.
520 _a1. Human body--Juvenile literature.
521 _aBasic Education Students.
541 _j1
562 _b1
942 _2lcc
_cBK-GR
_hREF
999 _c4511
_d4511